| 000 | 00483nam a22001577a 4500 | ||
|---|---|---|---|
| 999 |
_c60957 _d60957 |
||
| 005 | 20231129165651.0 | ||
| 008 | 231129s1987 ru ||||| |||| 00| 0 rus d | ||
| 041 | _arus | ||
| 080 | _a821.14'01-94 П-40 | ||
| 100 |
_aПлутарх _920510 |
||
| 245 |
_aИзбранные жизнеописания : _bт. 1/ _cПлутарх. |
||
| 264 |
_aМосква : _bПравда, _c1987. |
||
| 300 |
_a592 с.: _bил. ; _c21 см. |
||
| 653 | _aპლუტარქე | ||
| 942 |
_2udc _cBK |
||